The T-cell receptors /

Bibliographic Details
Other Authors: Mak, Tak W., 1945-
Format: Book
Language:English
Published: New York : Plenum Press, [1988]
Subjects:

MARC

Tag First Indicator Second Indicator Subfields
LEADER 00000cam a2200000 a 4500
001 in00000030260
005 20151007060245.0
008 880104s1988 nyua b 00100 eng c
010 |a  87038495  
020 |a 0306427087 
035 |a (OCoLC)17354236 
035 |9 AAC0425AM 
040 |a DNLM/DLC  |c DLC  |d TXA  |d UtOrBLW 
049 |a TXAM  |c [A11646599] 
050 0 0 |a QR185.8.T2  |b T33 1988 
060 0 |a QW 568 T113 
082 0 |a 599/.029  |2 19 
245 0 4 |a The T-cell receptors /  |c edited by Tak W. Mak. 
264 1 |a New York :  |b Plenum Press,  |c [1988] 
264 4 |c ©1988 
300 |a xv, 235 pages :  |b illustrations ;  |c 24 cm. 
336 |a text  |b txt  |2 rdacontent 
337 |a unmediated  |b n  |2 rdamedia 
338 |a volume  |b nc  |2 rdacarrier 
504 |a Includes bibliographies and index. 
650 0 |a T cells  |x Receptors. 
700 1 |a Mak, Tak W.,  |d 1945- 
999 |a MARS 
999 f f |s 532c4624-7b05-3633-910e-3b6112815fb4  |i 39b374da-0499-330b-a3a7-ba4539f11f98  |t 0 
952 f f |p ric  |a Texas A&M University  |b Rellis Campus  |c Joint Library Facility  |d Remote Storage  |t 0  |e QR185.8.T2 T33 1988  |h Library of Congress classification  |i unmediated -- volume  |m A14811646599 
998 f f |a QR185.8.T2 T33 1988  |t 0  |l Remote Storage